000 01940cam a2200517Ia 4500
001 8517016
003 ARRUPE
005 20131205174644.0
008 110302s1997 nyua 000 1 eng d
020 _a0312863551 (acidfree paper)
020 _a9780312863555 (acidfree paper)
029 1 _aYDXCP
_b1478734
029 1 _aAU@
_b000023167754
029 1 _aNZ1
_b11671026
029 1 _aCDX
_b3502043
035 _a(OCoLC)ocm37336037
035 _a(OCoLC)ocn37336037
035 _a(OCoLC)37336037
035 _a(NNC)8517016
040 _aIWM
_cIWM
_dKRS
_dOCL
_dBAKER
_dBTCTA
_dOCLCQ
_dVP@
_dYDXCP
_dQJB
_dXY4
_dZP7
_dO2L
_dCDX
_dXY4
_dPZU
043 _azmo----
050 0 0 _aPZ3.H364.M6
082 0 0 _a813/.54
_220
100 1 _aHeinlein, Robert A.
_q(Robert Anson),
_d1907-1988.
_95234
245 1 4 _aThe moon is a harsh mistress /
_cRobert A. Heinlein.
250 _a1st Orb ed.
260 _aNew York :
_bOrb,
_c1997.
300 _a382 p. :
_bill. ;
_c21 cm.
500 _a"A Tom Doherty Associates book."
500 _a"There ain't no such thing as a free lunch: TANSTAAFL"
505 0 _aThat dinkum thinkum -- Rabble in arms -- "Tanstaafl!"
505 0 _aThat dinkum thinkum -- A rabble in arms -- "TANSTAAFL!"
520 _aA one-armed computer technician, a radical blonde bombshell, an aging academic, and a sentient all-knowing computer lead the lunar population in a revolution against Earth's colonial rule.
586 _aPrometheus Hall of Fame Award, 1983.
586 _aHugo Award for Best Novel, 1967.
650 0 _aPenal colonies
_vFiction.
_95235
650 0 _aRevolutions
_vFiction.
_95236
650 0 _aArtificial intelligence
_vFiction.
_95237
650 0 _aImaginary wars and battles
_vFiction.
_95238
651 0 _aMoon
_vFiction.
_95239
655 7 _aScience fiction.
_2gsafd
_95240
655 0 _aHugo Award.
_95241
942 _2lcc
_cMONOGRAPH
948 1 _a20110322
_bc
_cas2107
_dMPS
999 _c119111
_d119111